Responses for Show #7154 - Thursday, October 22, 2015

Contestants

[<< previous game]

Jennifer Robinson, a manufacturing technician from Windham, Maine

Philip Clark, a high school librarian from Falls Church, Virginia

Dennis Golin, a video editor from New York, New York (whose 1-day cash winnings total $31,999)

[next game >>]

Jeopardy! Round responses

HERBS & SPICES
POP CULTURE
LAST NAME'S THE SAME
"K"APITAL CITIES
AMERICAN HISTORY
ANAGRAMS OF EACH OTHER
(Alex: Each correct response will be two words, obviously.)
    $200 10
paprika

Dennis
    $200 7
the Flash

Dennis
    $200 24
(Alex: Yes, with less than a minute.)

Schmidt

Philip
    $200 26
Kiev

Jennifer
    $200 2
John Brown

Dennis
    $200 30
idle & deli

Jennifer
    $400 1
(Dennis: [Selecting the first clue] I'll take the herb, Alex, for $400.)
[Laughter]

garlic

Jennifer
    $400 9
Paul Walker

Jennifer
    $400 23
McCarthy

Jennifer
    $400 15
Kabul

Dennis
    $400 3
(William) Seward

Dennis
    $400 29
lime & mile

Jennifer
    $600 8
(Jennifer: What is incense?)

a fumigant

Jennifer
Triple Stumper
    $600 13
the (San Diego) Chargers

Dennis
    $600 20
Hutton

Jennifer
    $600 14
Kathmandu

Dennis
    $600 4
the Cuban Missile Crisis

Dennis
    $600 28
saint & satin

Jennifer
    $800 18
(Dennis: What are scallions?)

chives

DennisPhilip
    $800 16
5 Seconds of Summer

Dennis
    $800 19
Brooks

Philip
    $800 12
(Alex: And that is the capital of Uganda, [*].)

Kampala

Triple Stumper
    $1,200 5
William Howard Taft

Dennis
    $800 25
general & enlarge

Jennifer
    $1000 21
ginseng

Philip
    $1000 17
Rebel Wilson

Dennis
    $1000 22
Cain

Philip
    $1000 11
Kuala Lumpur

Dennis
    $1000 6
"Common Sense"

Philip
    $1000 27
present & serpent

Triple Stumper

Scores at the first commercial break (after clue 15):

Dennis Philip Jennifer
$5,400 $1,000 $200

Scores at the end of the Jeopardy! Round:

Dennis Philip Jennifer
$6,400 $4,800 $3,400

Double Jeopardy! Round responses

MUSICAL CHAIRS
LINES ON THE MAP
FRENCH LITERATURE
CROSSWORD CLUES "Y"
GEM
& THE HOLOGRAMS
    $400 19
Motown

Dennis
    $400 14
(Philip: ...What is [*]al?)
(Alex: Mnh-mnh. Mm? [*]al line? [*]? Yes, we'll accept it.)

tropic

Philip
    $400 8
Three Musketeers

Dennis
    $400 1
yeast

Philip
    $400 6
Spain

Dennis
    $400 28
a swimsuit

Dennis
    $800 25
Herb Alpert

Dennis
    $800 9
Wyoming

Dennis
    $800 16
Phantom of the Opera

Jennifer
    $800 2
Yankee

Philip
    $800 18
a diamond

Philip
    $800 13
Mariah Carey

Jennifer
    $1200 23
Spotify

Dennis
    $1200 7
(Dennis: What are thermal maps?)

weather maps

DennisPhilip
    $1200 11
The Little Prince

Dennis
    $1200 3
yenta

Dennis
    $1200 21
ruby

Jennifer
    $1200 20
lures

Jennifer
    $1600 24
Atlantic

Jennifer
    $1600 10
(Dennis: What's Sri Lanka?)

Indonesia

Dennis
Triple Stumper
    $5,000 12
(Alex: I thought that was a tough one. You nailed it immediately.)

The Hunchback of Notre Dame

Dennis
    $1600 4
yucca

Philip
    $1600 22
cat's eyes

Dennis
    $1600 29
[The end-of-round signal sounds.]

Kate Moss

Dennis
    $4,500 26
(Alex: This is quite a game. Less than an minute to go now, Dennis.)
...
(Dennis: [Exhales deeply] What is, uh, what is Parker?)

Chess

Dennis
    $2000 17
contour lines

Triple Stumper
    $2000 15
(Honoré de) Balzac

Philip
    $2000 5
yurt

Jennifer
    $2000 27
tanzanite

Jennifer

Scores at the end of the Double Jeopardy! Round:

Dennis Philip Jennifer
$14,100 $12,000 $13,000

[wagering suggestions for these scores]

Final Jeopardy! Round responses

THE CIVIL WAR
PhilipWhat is South Carolina
$8,000
JenniferWhat is South Carolina?
$13,000
DennisWhat is South Carolina?
$13,000
South Carolina

Final scores:

Dennis Philip Jennifer
$27,100 $20,000 $26,000
2-day champion: $59,099 3rd place: $1,000 2nd place: $2,000

Game dynamics:

Coryat scores:

Dennis Philip Jennifer
$14,800 $12,000 $13,000
24 R
(including 2 DDs),
4 W
(including 1 DD)
13 R,
0 W
16 R,
1 W

Combined Coryat: $39,800

[game clues] [game scores] [suggest correction]

Game tape date: 2015-09-09
The J! Archive is created by fans, for fans. Scraping, republication, monetization, and malicious use prohibited; this site may use cookies and collect identifying information. See terms. The Jeopardy! game show and all elements thereof, including but not limited to copyright and trademark thereto, are the property of Jeopardy Productions, Inc. and are protected under law. This website is not affiliated with, sponsored by, or operated by Jeopardy Productions, Inc. Join the discussion at JBoard.tv.